000 00989nam a22002897i 4500
003 EG-GICUC
005 20260121101416.0
008 251202s1990 ua ||||fr|||| 00| 0 ara d
040 _a EG-GICUC
_bara
_c EG-GICUC
_d EG-GICUC
_erda
041 0 _aara
082 0 4 _221
_a345.4
_bم ح . ق
092 0 4 _221
099 _aLaw1 07 345.4 م ح . ق 1990
100 0 _aمحمد محمد بدران
_eمؤلف.
245 1 0 _aقانون الوظيفة العامة /
_cد. محمد محمد بدران.
264 1 _aالقاهرة :
_bدار النهضة العربية،
_c1990.
300 _a171 ؛صفحة
_c24 سم.
336 _2rda content
_atext
337 _2rda media
_aComputer
338 _2rda carrier
_aOnline Resource
546 _aالنص باللغة العربية
650 1 4 _aالوظيفة العامة
650 1 4 _aالقانون الإداري
856 4 0 _uhttps://fll.law.cu.edu.eg/fulltext/bks/B07-01226.pdf
905 _a32
_eYara
942 _2ddc
_cBK
_e21
_n0
999 _c47896
_d47896